000 00917nam a2200277 i 4500
001 110718
003 ES-MaACL
005 20231205174356.0
007 t|
008 070119s1986 sp ||||1| spa d
020 _a84-7046-428-0
080 _a1 Husserl, Edmund
080 _a165.62
100 1 _aGómez Romero, Isidro.
_958145
245 1 0 _aHusserl y la crisis de la razón /
_cIsidro Gómez Romero ; prólogo de Antonio Millán Puelles.
260 _aMadrid :
_bCincel,
_c1986.
300 _a224 p. ;
_c19 cm.
490 1 _aHistoria de la filosofía ;
_v27
504 _aBibliografía: p. 221-224. Indice.
600 1 4 _aHusserl, Edmund-
_xCrítica e interpretación.
_964819
650 1 4 _aFenomenología.
_912756
700 1 _aMillán Puelles, Antonio,
_d1921-2005
_981155
830 0 _aHistoria de la filosofía ;
_v27
_9181726
852 _aES-MaACL
_jL-15594
999 _c110718
_d110718